[Event "Wch U20 Girls 35th"]
[Site "Tarvisio"]
[Date "2017.11.25"]
[Round "11"]
[White "Shepherd, Katherine M"]
[Black "Koljevic, Nikolina"]
[Result "1-0"]
[WhiteElo "1918"]
[BlackElo "1837"]
[PlyCount "103"]
[EventDate "2017.11.13"]
[EventType "swiss"]
[EventRounds "11"]
[EventCountry "ITA"]
[SourceTitle "EXT 2019"]
[Source "ChessBase"]
[SourceDate "2018.10.10"]
[SourceVersion "1"]
[SourceVersionDate "2018.10.10"]
[SourceQuality "1"]

1. d4 d5 2. Nf3 e6 3. c4 c5 4. cxd5 exd5 5. g3 Nf6 6. Bg2 Be7 7. 0-0 0-0 8. Nc3 Nc6 9. dxc5 Bxc5 10. a3 a5 11. Bg5 d4 12. Bxf6 Qxf6 13. Ne4 Qe7 14. Nxc5 Qxc5 15. Rc1 Qb6 16. Qc2 Be6 17. Ng5 g6 18. Nxe6 fxe6 19. Bxc6 bxc6 20. Qxc6 Rab8 21. Rfd1 d3 22. Qxb6 Rxb6 23. Rxd3 Rxb2 24. Re3 Rb6 25. Rc7 Rf7 26. Rec3 Rxc7 27. Rxc7 Rb3 28. Re7 Rxa3 29. Rxe6 Ra1+ 30. Kg2 a4 31. Ra6 a3 32. h4 a2 33. Ra7 h5 34. Kf3 Kf8 35. e4 Kg8 36. Kf4 Rb1 37. Rxa2 Kf7 38. f3 Rc1 39. Ra7+ Ke6 40. Ra6+ Kf7 41. g4 Rh1 42. Kg5 hxg4 43. fxg4 Re1 44. Rf6+ Ke7 45. Rxg6 Rxe4 46. h5 Kf7 47. Kh6 Rd4 48. g5 Rd5 49. Kh7 Rc5 50. h6 Rd5 51. Rf6+ Ke7 52. Kg6 1-0

[Event "Wch U20 Girls 35th"]
[Site "Tarvisio"]
[Date "2017.11.22"]
[Round "9"]
[White "Shepherd, Katherine M"]
[Black "Greibrokk, Ingrid Andrea"]
[Result "0-1"]
[WhiteElo "1918"]
[BlackElo "1868"]
[PlyCount "100"]
[EventDate "2017.11.13"]
[EventType "swiss"]
[EventRounds "11"]
[EventCountry "ITA"]
[SourceTitle "CBM 181 Extra"]
[Source "ChessBase"]
[SourceDate "2017.12.12"]
[SourceVersion "1"]
[SourceVersionDate "2017.12.12"]
[SourceQuality "1"]

1. d4 d5 2. Nf3 Nf6 3. c4 c6 4. e3 e6 5. Nbd2 Be7 6. Bd3 dxc4 7. Nxc4 b5 8. Nce5 Bb7 9. 0-0 0-0 10. a3 a6 11. b4 a5 12. bxa5 Qxa5 13. Bd2 Qb6 14. Qb3 Ra4 15. Ng5 Nbd7 16. Nxe6 Nxe5 17. dxe5 Nd5 18. Nxf8 Bxf8 19. Bc2 g6 20. Qd3 Ra6 21. e4 Nc7 22. Bb3 c5 23. Bd5 Nxd5 24. exd5 c4 25. Qe4 Rxa3 26. Rxa3 Bxa3 27. Rd1 Qc7 28. Bc1 Bxc1 29. Rxc1 Qc5 30. Rd1 c3 31. Qd3 b4 32. d6 Qc6 33. f3 Bc8 34. Rc1 Qb6+ 35. Kh1 Bf5 36. Qd1 Qe3 37. Qe1 Qxe1+ 38. Rxe1 c2 39. g4 Bd7 40. Kg2 b3 41. Rc1 b2 42. Rxc2 b1Q 43. Rc7 Qb5 44. Kh3 h5 45. Kh4 hxg4 46. f4 Be6 47. Kg5 Kg7 48. Re7 Qd3 49. Kh4 Qh3+ 50. Kg5 Qh5# 0-1

[Event "Wch U20 Girls 35th"]
[Site "Tarvisio"]
[Date "2017.11.13"]
[Round "1"]
[White "Shepherd, Katherine M"]
[Black "Uuriintuya, Uurtsaikh"]
[Result "0-1"]
[WhiteElo "1918"]
[BlackElo "2213"]
[PlyCount "46"]
[EventDate "2017.11.13"]
[EventType "swiss"]
[EventRounds "11"]
[EventCountry "ITA"]
[SourceTitle "CBM 181 Extra"]
[Source "ChessBase"]
[SourceDate "2017.12.12"]
[SourceVersion "1"]
[SourceVersionDate "2017.12.12"]
[SourceQuality "1"]

1. d4 Nf6 2. c4 c5 3. Nf3 cxd4 4. Nxd4 g6 5. Nc3 Nc6 6. g3 Bg7 7. e4 Nxe4 8. Nxc6 Nxc3 9. Nxd8 Nxd1 10. Nxf7 Nxf2 11. Nd6+ exd6 12. Kxf2 0-0+ 13. Ke3 d5 14. cxd5 d6 15. Bd3 Bh3 16. Re1 Rae8+ 17. Kd2 Rf2+ 18. Re2 Rexe2+ 19. Bxe2 Bg4 20. Kd3 Bxe2+ 21. Ke3 Rxh2 22. Rb1 Bd1 23. b4 Bc2 0-1

[Event "ENG-ch (Women)"]
[Site "West Bromwich"]
[Date "2017.09.03"]
[Round "5"]
[White "Shepherd, Katherine M"]
[Black "Sheikh, Anum"]
[Result "1/2-1/2"]
[WhiteElo "1936"]
[BlackElo "1469"]
[PlyCount "128"]
[EventDate "2017.09.01"]
[EventType "swiss"]
[EventRounds "5"]
[EventCountry "ENG"]
[SourceTitle "CBM 180 Extra"]
[Source "ChessBase"]
[SourceDate "2017.10.06"]
[SourceVersion "1"]
[SourceVersionDate "2017.10.06"]
[SourceQuality "1"]

1. d4 Nf6 2. Nf3 g6 3. c4 Bg7 4. Nc3 0-0 5. e4 d6 6. Bg5 h6 7. Bh4 Nbd7 8. Bd3 e5 9. dxe5 dxe5 10. Bc2 c6 11. 0-0 Qc7 12. b4 g5 13. Bg3 Nh5 14. Rb1 Nxg3 15. fxg3 a5 16. a3 axb4 17. axb4 Nb6 18. Qe2 Be6 19. Nd2 Ra3 20. Bb3 Raa8 21. c5 Bxb3 22. Rxb3 Nd7 23. Nc4 b6 24. Qf2 bxc5 25. bxc5 Qa7 26. Nb6 Nxb6 27. Rxb6 Qa5 28. Nd1 Rac8 29. Nb2 Qc3 30. Rb7 Qd4 31. Qxd4 exd4 32. Nc4 Rb8 33. Rc7 Rbc8 34. Rd7 Rcd8 35. Rd6 Rxd6 36. Nxd6 Be5 37. Nf5 Bg7 38. Rd1 Rd8 39. Ne7+ Kf8 40. Nxc6 Rc8 41. Nxd4 Bxd4+ 42. Rxd4 Rxc5 43. Kf2 Ke7 44. Kf3 Ke6 45. Rd8 Kf6 46. Rd6+ Kg7 47. g4 Rc3+ 48. Ke2 Rc2+ 49. Kf3 Rc3+ 50. Ke2 Rc2+ 51. Rd2 Rc3 52. Rd3 Rc2+ 53. Kf3 Rc5 54. g3 Rc2 55. h4 f6 56. Rd7+ Kg8 57. Ke3 Rg2 58. Kf3 Rc2 59. Re7 Rc3+ 60. Kf2 Rc2+ 61. Ke3 Rc3+ 62. Kf2 Rc2+ 63. Kf3 Rc3+ 64. Kf2 Rc2+ 1/2-1/2

[Event "ENG-ch (Women)"]
[Site "West Bromwich"]
[Date "2017.09.02"]
[Round "2"]
[White "Jaufarally, Nadia"]
[Black "Shepherd, Katherine M"]
[Result "0-1"]
[WhiteElo "1709"]
[BlackElo "1936"]
[PlyCount "90"]
[EventDate "2017.09.01"]
[EventType "swiss"]
[EventRounds "5"]
[EventCountry "ENG"]
[SourceTitle "CBM 180 Extra"]
[Source "ChessBase"]
[SourceDate "2017.10.06"]
[SourceVersion "1"]
[SourceVersionDate "2017.10.06"]
[SourceQuality "1"]

1. d4 d5 2. Bf4 c6 3. e3 Bf5 4. c4 Nd7 5. Nc3 e6 6. Qb3 Qb6 7. c5 Qxb3 8. axb3 a6 9. b4 Rc8 10. Nf3 Be7 11. Nd2 Bd8 12. Nb3 Bc7 13. Bxc7 Rxc7 14. Kd2 Ngf6 15. b5 cxb5 16. Bxb5 Ke7 17. Be2 Nb8 18. Na5 Nc6 19. Nxc6+ Rxc6 20. b4 Ne4+ 21. Nxe4 Bxe4 22. f3 Bg6 23. b5 axb5 24. Bxb5 Rc7 25. Ra7 Rhc8 26. Rc1 f6 27. Rc3 Be8 28. Bxe8 Kxe8 29. Rb3 Rb8 30. e4 dxe4 31. fxe4 g5 32. Rb6 Kd7 33. Kd3 h5 34. Kc4 f5 35. exf5 exf5 36. Rg6 b5+ 37. Kd5 Rxa7 38. Rg7+ Kc8 39. Rxa7 Rb7 40. Rxb7 Kxb7 41. c6+ Kc7 42. Kc5 b4 43. d5 b3 44. d6+ Kc8 45. c7 Kd7 0-1

[Event "ENG-ch (Women)"]
[Site "West Bromwich"]
[Date "2017.09.01"]
[Round "1"]
[White "Shepherd, Katherine M"]
[Black "Maroroa, Sue Yuchan"]
[Result "0-1"]
[WhiteElo "1936"]
[BlackElo "2083"]
[PlyCount "42"]
[EventDate "2017.09.01"]
[EventType "swiss"]
[EventRounds "5"]
[EventCountry "ENG"]
[SourceTitle "CBM 180 Extra"]
[Source "ChessBase"]
[SourceDate "2017.10.06"]
[SourceVersion "1"]
[SourceVersionDate "2017.10.06"]
[SourceQuality "1"]

1. d4 Nf6 2. Nf3 g6 3. Nc3 d5 4. Bf4 Bg7 5. e3 0-0 6. Be2 c5 7. h4 Nc6 8. Nb5 a6 9. Na3 Qb6 10. Rb1 Nh5 11. Be5 cxd4 12. exd4 Nxe5 13. Nxe5 Nf4 14. Bf3 Bf5 15. g4 Bc8 16. Qd2 Ne6 17. c3 Nd8 18. Nd3 e5 19. dxe5 Nc6 20. Qf4 Nxe5 21. Bxd5 Nxd3+ 0-1

[Event "GBR-ch 102nd"]
[Site "Coventry"]
[Date "2015.08.05"]
[Round "9"]
[White "Shepherd, Katherine M"]
[Black "Graham, David Bruce"]
[Result "1/2-1/2"]
[WhiteElo "1864"]
[BlackElo "2162"]
[PlyCount "53"]
[EventDate "2015.07.27"]
[EventType "swiss"]
[EventRounds "11"]
[EventCountry "ENG"]
[SourceTitle "CBM 167 Extra"]
[Source "ChessBase"]
[SourceDate "2015.09.14"]
[SourceVersion "1"]
[SourceVersionDate "2015.09.14"]
[SourceQuality "1"]

1. d4 Nf6 2. c4 g6 3. Nc3 Bg7 4. e4 d6 5. Bg5 0-0 6. Qd2 c5 7. d5 Qa5 8. Bd3 a6 9. f3 Nbd7 10. Nd1 Qxd2+ 11. Kxd2 Ne5 12. a4 b6 13. Ne2 e6 14. Ne3 Bd7 15. Nc3 h6 16. Bh4 g5 17. Be1 Nh5 18. Be2 Nf4 19. g3 Nxe2 20. Kxe2 Ng6 21. dxe6 fxe6 22. Rd1 Bd4 23. b3 Bc6 24. Nc2 e5 25. Ne3 Ne7 26. h4 Kg7 27. Bd2 1/2-1/2

[Event "GBR-ch 102nd"]
[Site "Coventry"]
[Date "2015.07.31"]
[Round "5"]
[White "Page, Mark"]
[Black "Shepherd, Katherine M"]
[Result "0-1"]
[WhiteElo "2096"]
[BlackElo "1864"]
[PlyCount "132"]
[EventDate "2015.07.27"]
[EventType "swiss"]
[EventRounds "11"]
[EventCountry "ENG"]
[SourceTitle "CBM 167 Extra"]
[Source "ChessBase"]
[SourceDate "2015.09.14"]
[SourceVersion "1"]
[SourceVersionDate "2015.09.14"]
[SourceQuality "1"]

1. e4 e6 2. d4 d5 3. exd5 exd5 4. Nf3 Bd6 5. h3 Ne7 6. c4 b6 7. Nc3 c6 8. cxd5 cxd5 9. Bd3 Nd7 10. 0-0 0-0 11. Bg5 f6 12. Bh4 Re8 13. Qb3 Bb7 14. Rfe1 a6 15. Re2 Nf8 16. Rae1 b5 17. Ne4 Kh8 18. Nxf6 gxf6 19. Bxf6+ Kg8 20. Ne5 Qc8 21. Bxh7+ Kxh7 22. Qg3 Neg6 23. Qg5 Bxe5 24. dxe5 d4 25. e6 Qc6 26. e7 Qxg2+ 27. Qxg2 Bxg2 28. Bxd4 Bd5 29. exf8N+ Rxf8 30. Rc2 Rf7 31. b3 Nh4 32. Rd1 Rg8+ 33. Kf1 Bg2+ 34. Ke1 Nf3+ 35. Ke2 Rd8 36. Be3 Rxd1 37. Kxd1 Ne5 38. Rd2 Bxh3 39. Rd6 Rd7 40. Rxd7+ Bxd7 41. Kd2 Kg6 42. Kc3 Nc6 43. Bc5 Kf5 44. a4 Ke4 45. axb5 axb5 46. b4 Kf3 47. Kd2 Be6 48. Ke1 Bc4 49. Kd2 Ne5 50. Kc3 Nd3 51. Be7 Kxf2 52. Bd6 Ke2 53. Kc2 Kf3 54. Bf8 Nf4 55. Bc5 Ke2 56. Bf8 Nd5 57. Bc5 Bd3+ 58. Kc1 Bg6 59. Kb2 Kd3 60. Kb3 Bh5 61. Bf8 Bd1+ 62. Kb2 Kc4 63. Ka3 Kc3 64. Bc5 Bb3 65. Bf8 Nxb4 66. Bg7+ Kc2 0-1

[Event "GBR-ch 102nd"]
[Site "Coventry"]
[Date "2015.07.27"]
[Round "1"]
[White "Jones, Steven"]
[Black "Shepherd, Katherine M"]
[Result "1-0"]
[WhiteElo "2126"]
[BlackElo "1864"]
[PlyCount "119"]
[EventDate "2015.07.27"]
[EventType "swiss"]
[EventRounds "11"]
[EventCountry "ENG"]
[SourceTitle "CBM 167 Extra"]
[Source "ChessBase"]
[SourceDate "2015.09.14"]
[SourceVersion "1"]
[SourceVersionDate "2015.09.14"]
[SourceQuality "1"]

1. e4 e6 2. d4 d5 3. Nc3 Nf6 4. Bg5 Be7 5. e5 Nfd7 6. Bxe7 Qxe7 7. f4 a6 8. Nf3 c5 9. dxc5 Nc6 10. Qd2 Nxc5 11. 0-0-0 b5 12. Bd3 b4 13. Ne2 a5 14. Ned4 Nxd4 15. Nxd4 Ba6 16. Kb1 0-0 17. Rhe1 Rfe8 18. Re3 Nxd3 19. cxd3 Qa7 20. Nf3 b3 21. a3 d4 22. Re2 Rac8 23. Ne1 Rc6 24. Rc1 Rec8 25. Rxc6 Rxc6 26. g4 Qc5 27. f5 Qd5 28. Re4 Qc5 29. f6 Rc8 30. Re2 gxf6 31. exf6 Kh8 32. Qf4 Rg8 33. h3 Qg5 34. Re4 Qxf4 35. Rxf4 Rg6 36. Kc1 h6 37. Kd2 e5 38. Rf5 Bc8 39. Rxe5 Kh7 40. Nf3 Rxf6 41. Nxd4 Rf2+ 42. Re2 Rxe2+ 43. Kxe2 a4 44. Nf5 Ba6 45. Ke3 Kg6 46. Ng3 Kg5 47. Ne4+ Kh4 48. d4 Kxh3 49. Kf4 Bc8 50. Nf6 Bxg4 51. Nxg4 h5 52. Ne5 Kg2 53. d5 h4 54. d6 h3 55. Nf3 f5 56. d7 h2 57. Nxh2 Kxh2 58. d8Q Kh3 59. Qd2 Kh4 60. Qh2# 1-0

[Event "Gilbert Cup"]
[Site "Enfield"]
[Date "2015.07.20"]
[Round "2.1"]
[White "Camp, Imogen AL"]
[Black "Shepherd, Katherine M"]
[Result "0-1"]
[WhiteElo "1551"]
[BlackElo "1864"]
[PlyCount "49"]
[EventDate "2015.07.20"]
[EventType "team-tourn"]
[EventRounds "6"]
[EventCountry "IRL"]
[SourceTitle "CBM 167 Extra"]
[Source "ChessBase"]
[SourceDate "2015.09.14"]
[SourceVersion "1"]
[SourceVersionDate "2015.09.14"]
[SourceQuality "1"]
[WhiteTeam "Wales (W)"]
[BlackTeam "England (W)"]
[WhiteTeamCountry "WLS"]
[BlackTeamCountry "ENG"]

1. d4 d5 2. c4 c6 3. Nf3 Nf6 4. e3 Bf5 5. Qb3 Qb6 6. Nh4 Be4 7. c5 Qc7 8. f3 Bxb1 9. Rxb1 e6 10. f4 b6 11. Qc2 a5 12. cxb6 Qxb6 13. Bd3 Bb4+ 14. Bd2 Nbd7 15. 0-0 c5 16. Nf3 c4 17. Be2 Ne4 18. a3 Bxd2 19. Nxd2 Nxd2 20. Qxd2 f5 21. a4 Qb4 22. Qc2 Rb8 23. Bd1 0-0 24. b3 Nf6 25. Re1 0-1

[Event "BCF-ch Major op"]
[Site "Aberystwyth"]
[Date "2014.07.31"]
[Round "11"]
[White "Bullock, Lee"]
[Black "Shepherd, Katherine M"]
[Result "0-1"]
[WhiteElo "1510"]
[BlackElo "1787"]
[PlyCount "52"]
[EventDate "2014.07.21"]
[EventType "swiss"]
[EventRounds "11"]
[EventCountry "WLS"]
[SourceTitle "EXT 2017"]
[Source "ChessBase"]
[SourceDate "2016.10.25"]
[SourceVersion "1"]
[SourceVersionDate "2016.10.25"]
[SourceQuality "1"]

1. e4 e6 2. b3 d5 3. Bb2 dxe4 4. Qe2 Nf6 5. Nc3 Nbd7 6. g4 b6 7. Bg2 Bb7 8. 0-0-0 c5 9. Bxe4 Nxe4 10. Nxe4 Qc7 11. f3 0-0-0 12. h4 f6 13. Nh3 Bd6 14. Nxd6+ Qxd6 15. Nf2 e5 16. Ne4 Qe7 17. c4 Nf8 18. g5 Ne6 19. Qe3 Nf4 20. d3 Rhe8 21. Rhg1 f5 22. Ng3 g6 23. Ne2 Nxe2+ 24. Qxe2 Rd6 25. Rge1 Re6 26. Qd2 Bxf3 0-1

[Event "BCF-ch U16"]
[Site "Torquay"]
[Date "2013.08.03"]
[Round "7.1"]
[White "Shepherd, Katherine M"]
[Black "Mitra, Roman"]
[Result "1-0"]
[WhiteElo "1746"]
[BlackElo "1891"]
[PlyCount "145"]
[EventDate "2013.07.29"]
[EventType "swiss"]
[EventRounds "7"]
[EventCountry "ENG"]
[SourceTitle "EXT 2023"]
[Source "ChessBase"]
[SourceDate "2022.10.05"]
[SourceVersion "1"]
[SourceVersionDate "2022.10.05"]
[SourceQuality "1"]

1. d4 Nf6 2. Nf3 c5 3. c3 b6 4. Bf4 Bb7 5. e3 g6 6. Nbd2 d6 7. Be2 Bg7 8. h3 0-0 9. 0-0 Nbd7 10. a4 a6 11. Bh2 Ne8 12. Qb3 e5 13. dxe5 dxe5 14. Nc4 Qc7 15. Rfd1 Bc6 16. Rxd7 Qxd7 17. Nfxe5 Bxe5 18. Nxe5 Qd5 19. Qxd5 Bxd5 20. Nd7 Ra7 21. Nxf8 Kxf8 22. f3 Ke7 23. e4 Bb3 24. c4 a5 25. Ra3 Bc2 26. Kf2 Rd7 27. Ke3 Ng7 28. Bd3 Bxd3 29. Rxd3 Rxd3+ 30. Kxd3 Kd7 31. Be5 Ne6 32. h4 h5 33. g4 Nd8 34. gxh5 gxh5 35. f4 Nc6 36. Bc3 Kd6 37. e5+ Ke6 38. Ke4 Ne7 39. Be1 Nf5 40. Bf2 Ne7 41. Be3 Nf5 42. Bf2 Ne7 43. Be1 f5+ 44. exf6 Kxf6 45. Bc3+ Ke6 46. Be5 Nf5 47. Bc7 Nxh4 48. Bxb6 Kd6 49. Bxa5 Ng2 50. Kf3 Nh4+ 51. Ke4 Ng2 52. Bd2 h4 53. Kf3 h3 54. Kg3 Nh4 55. Kxh3 Nf5 56. Kg4 Nh6+ 57. Kg5 Nf7+ 58. Kf6 Nd8 59. f5 Nc6 60. a5 Ne5 61. Bf4 Kc6 62. Bxe5 Kb7 63. Ke6 Ka6 64. f6 Kxa5 65. f7 Kb4 66. f8Q Kb3 67. Kd5 Kc2 68. Qf2+ Kb1 69. b3 Kc1 70. Qb2+ Kd1 71. Ke4 Ke1 72. Ke3 Kf1 73. Qf2# 1-0